[Event "IECC KO email"]
[Site "IECC email"]
[Date "2002.10.31"]
[Round "?"]
[White "Femmel, Don"]
[Black "Hermans, Marcel M"]
[Result "1-0"]
[WhiteElo "2162"]
[BlackElo "2007"]
[PlyCount "63"]
[EventDate "2002.??.??"]
[EventType "tourn (corr)"]
[EventRounds "6"]
[SourceTitle "Corr 2008"]
[Source "ChessBase"]
[SourceDate "2008.06.24"]
[SourceVersion "1"]
[SourceVersionDate "2008.06.24"]
[SourceQuality "1"]

1. e4 e6 2. d4 d5 3. Nd2 Nf6 4. e5 Nfd7 5. Bd3 c5 6. c3 Nc6 7. Ne2 Qb6 8. Nf3 cxd4 9. cxd4 f6 10. exf6 Nxf6 11. 0-0 Bd6 12. Nc3 0-0 13. Be3 Bd7 14. a3 Be8 15. Ng5 Ne7 16. Re1 Rc8 17. Nxe6 Bxh2+ 18. Kxh2 Qxe6 19. Kg1 Qb6 20. Bg5 Qxb2 21. Rxe7 Qxc3 22. Rb1 Bh5 23. Qd2 Rf7 24. Rxf7 Bxf7 25. Rxb7 Qxa3 26. Bf5 Rf8 27. Bxf6 Qa6 28. Qb4 gxf6 29. Qe7 Qc6 30. Kh2 h5 31. Rd7 a6 32. Rd6 1-0

[Event "IECC KO email"]
[Site "IECC email"]
[Date "2002.10.31"]
[Round "?"]
[White "Hermans, Marcel M"]
[Black "Femmel, Don"]
[Result "1/2-1/2"]
[WhiteElo "1999"]
[BlackElo "2168"]
[PlyCount "62"]
[EventDate "2002.??.??"]
[EventType "tourn (corr)"]
[EventRounds "6"]
[SourceTitle "Corr 2008"]
[Source "ChessBase"]
[SourceDate "2008.06.24"]
[SourceVersion "1"]
[SourceVersionDate "2008.06.24"]
[SourceQuality "1"]

1. d4 Nf6 2. Nf3 d5 3. e3 c5 4. c3 e6 5. Bd3 Nbd7 6. Nbd2 Bd6 7. 0-0 0-0 8. Re1 Qc7 9. e4 cxd4 10. cxd4 dxe4 11. Nxe4 Nxe4 12. Rxe4 Nb6 13. Rg4 f6 14. Bd2 Nd5 15. Rc1 Qd8 16. Qc2 f5 17. Rh4 Bd7 18. Qb3 a5 19. Rh3 a4 20. Qd1 Nf4 21. Bxf4 Bxf4 22. Rc3 g5 23. g3 g4 24. Rh5 Be8 25. Rh4 Bc6 26. Bc4 Bxf3 27. Rxf3 Bg5 28. Bxe6+ Kh8 29. Rd3 Bxh4 30. gxh4 Qxh4 31. d5 Qf6 1/2-1/2

[Event "IECC Swiss email"]
[Site "IECC email"]
[Date "2002.10.21"]
[Round "?"]
[White "Femmel, Don"]
[Black "Muller, Henry"]
[Result "1/2-1/2"]
[WhiteElo "2141"]
[BlackElo "2068"]
[PlyCount "79"]
[EventDate "2002.??.??"]
[EventType "tourn (corr)"]
[EventRounds "6"]
[SourceTitle "Corr 2008"]
[Source "ChessBase"]
[SourceDate "2008.06.24"]
[SourceVersion "1"]
[SourceVersionDate "2008.06.24"]
[SourceQuality "1"]

1. e4 e5 2. Nf3 Nc6 3. Bb5 a6 4. Ba4 Nf6 5. 0-0 Be7 6. Re1 b5 7. Bb3 0-0 8. c3 d5 9. exd5 Nxd5 10. Nxe5 Nxe5 11. Rxe5 c6 12. d4 Bd6 13. Re1 Qh4 14. g3 Qh3 15. Be3 Bg4 16. Qd3 Rae8 17. Nd2 Re6 18. a4 f5 19. Qf1 Qh5 20. f4 bxa4 21. Rxa4 Rfe8 22. Rxa6 Rxe3 23. Rxe3 Rxe3 24. Rxc6 Qe8 25. Rxd6 Re1 26. Rxd5 Kf8 27. Re5 Rxf1+ 28. Nxf1 Qb8 29. Be6 Qxb2 30. Bxf5 Bf3 31. Ne3 Qxc3 32. Kf2 Bb7 33. d5 Qd2+ 34. Kg1 Qe1+ 35. Nf1 Qd1 36. Be6 Ba6 37. Bh3 h6 38. Kf2 Qc2+ 39. Kg1 Qd1 40. Kf2 1/2-1/2

[Event "IECC Swiss email"]
[Site "IECC email"]
[Date "2002.09.21"]
[Round "?"]
[White "Femmel, Don"]
[Black "Hassan, William"]
[Result "1-0"]
[WhiteElo "2138"]
[BlackElo "1924"]
[PlyCount "57"]
[EventDate "2002.??.??"]
[EventType "tourn (corr)"]
[EventRounds "6"]
[SourceTitle "Corr 2008"]
[Source "ChessBase"]
[SourceDate "2008.06.24"]
[SourceVersion "1"]
[SourceVersionDate "2008.06.24"]
[SourceQuality "1"]

1. e4 d6 2. d4 g6 3. c4 Nd7 4. Nf3 c5 5. Nc3 cxd4 6. Nxd4 Ngf6 7. Be2 Nc5 8. f3 Bg7 9. 0-0 0-0 10. Be3 Bd7 11. Qd2 a6 12. b4 Na4 13. Nd5 Nxd5 14. cxd5 e5 15. dxe6 fxe6 16. Rac1 Nb6 17. f4 Rc8 18. Nf3 Rc6 19. Rfd1 Nc8 20. Bc4 Re8 21. Bb3 Rc7 22. Rxc7 Qxc7 23. Ng5 h6 24. Rc1 Qd8 25. Nxe6 Bxe6 26. Bxe6+ Rxe6 27. Qd5 Qe8 28. f5 gxf5 29. exf5 1-0

[Event "IECC Swiss email"]
[Site "IECC email"]
[Date "2002.04.01"]
[Round "?"]
[White "Przybyla, Kamil"]
[Black "Femmel, Don"]
[Result "0-1"]
[WhiteElo "1721"]
[BlackElo "2126"]
[PlyCount "68"]
[EventDate "2002.??.??"]
[EventType "tourn (corr)"]
[EventRounds "6"]
[SourceTitle "Corr 2008"]
[Source "ChessBase"]
[SourceDate "2008.06.24"]
[SourceVersion "1"]
[SourceVersionDate "2008.06.24"]
[SourceQuality "1"]

1. e4 c5 2. Nf3 d6 3. d4 cxd4 4. Nxd4 Nf6 5. Nc3 a6 6. Bc4 e6 7. Bb3 b5 8. 0-0 Be7 9. Qf3 Qc7 10. Qg3 b4 11. Nce2 g6 12. Bh6 Nxe4 13. Qe3 Bb7 14. f3 Nc5 15. Bg7 Rg8 16. Qh6 Nbd7 17. c3 Nxb3 18. Nxb3 Qc4 19. Ned4 bxc3 20. Rac1 Rxg7 21. Rxc3 Qd5 22. Qxg7 Bf6 23. Qxh7 Bxd4+ 24. Nxd4 Qxd4+ 25. Kh1 Bd5 26. Rc7 Qxb2 27. Rfc1 Qf6 28. Qh6 Nc5 29. Qh7 Kf8 30. a4 a5 31. Rb1 g5 32. h3 Nxa4 33. Rd7 Nc3 34. Rb6 Ne2 0-1

[Event "IECC O email"]
[Site "IECC email"]
[Date "2001.09.25"]
[Round "?"]
[White "Femmel, Don"]
[Black "McLeod, Sylvester"]
[Result "1/2-1/2"]
[WhiteElo "2140"]
[BlackElo "2030"]
[PlyCount "97"]
[EventDate "2001.??.??"]
[EventType "tourn (corr)"]
[EventRounds "6"]
[SourceTitle "Corr 2008"]
[Source "ChessBase"]
[SourceDate "2008.06.24"]
[SourceVersion "1"]
[SourceVersionDate "2008.06.24"]
[SourceQuality "1"]

1. e4 e5 2. Nf3 Nc6 3. Bb5 a6 4. Ba4 Nf6 5. 0-0 Be7 6. Re1 b5 7. Bb3 0-0 8. c3 d6 9. h3 Na5 10. Bc2 c5 11. d4 Qc7 12. Nbd2 cxd4 13. cxd4 Nc6 14. Nb3 a5 15. Be3 a4 16. Nbd2 Nb4 17. Bb1 a3 18. Qb3 Qa5 19. bxa3 Qxa3 20. dxe5 dxe5 21. Nxe5 Nd7 22. Nef3 Nc5 23. Qxa3 Rxa3 24. Nd4 Bf6 25. N2f3 Nbd3 26. Bxd3 Nxd3 27. Red1 Ba6 28. Rab1 b4 29. Nc2 Ra4 30. e5 Nxe5 31. Nxe5 Bxe5 32. Nxb4 Bc4 33. Nc6 Bf6 34. a3 Be6 35. Bc5 Re8 36. Ne7+ Kh8 37. Nd5 Be5 38. Rb7 Rd8 39. Be7 Rc8 40. Kf1 Rd4 41. Rxd4 Bxd4 42. Ne3 h6 43. Ke2 Bxe3 44. Kxe3 Bd5 45. Ra7 Bxg2 46. h4 Rc3+ 47. Kd2 Rb3 48. Bd6 Rb7 49. Rxb7 1/2-1/2

[Event "IECC CL2-2001.31"]
[Site "IECC email"]
[Date "2001.09.08"]
[Round "?"]
[White "Femmel, Don"]
[Black "Flaherty, Kevin LP"]
[Result "0-1"]
[WhiteElo "2146"]
[BlackElo "2171"]
[PlyCount "112"]
[EventDate "2001.??.??"]
[EventType "tourn (corr)"]
[EventRounds "4"]
[SourceTitle "Corr 2008"]
[Source "ChessBase"]
[SourceDate "2008.06.24"]
[SourceVersion "1"]
[SourceVersionDate "2008.06.24"]
[SourceQuality "1"]

1. e4 c6 2. d4 d5 3. Nc3 dxe4 4. Nxe4 Nd7 5. Nf3 Ngf6 6. Ng3 e6 7. Bd3 c5 8. 0-0 cxd4 9. Nxd4 Bc5 10. Nb3 Be7 11. Qf3 0-0 12. Re1 Bd6 13. Bf4 Bxf4 14. Qxf4 b6 15. Rad1 Bb7 16. c3 Qb8 17. Qh4 h6 18. Nd4 Nc5 19. Bc2 a6 20. Rd2 Qc7 21. Red1 Rac8 22. Nde2 Rfe8 23. a4 Bc6 24. b3 Re7 25. Nd4 Bb7 26. c4 Kf8 27. f3 Ree8 28. Nf1 Red8 29. Ne3 Ncd7 30. b4 Ne5 31. Qe1 Rd7 32. Bb3 Rcd8 33. a5 bxa5 34. Ba4 Nc6 35. Nxc6 Bxc6 36. Bxc6 Qxc6 37. bxa5 Qc5 38. Rxd7 Rxd7 39. Rxd7 Nxd7 40. Qd2 Ke7 41. Kf2 Ne5 42. Qc3 f6 43. h4 Nc6 44. Ke2 Qxa5 45. Qxa5 Nxa5 46. Kd3 Kd6 47. h5 Nc6 48. Kc3 Kc5 49. Nc2 e5 50. Ne1 Nb4 51. g4 a5 52. Ng2 Nc6 53. Ne1 Nd4 54. Nd3+ Kc6 55. Ne1 Kb6 56. Kb2 a4 0-1

[Event "IECC CL2-2001.23"]
[Site "IECC email"]
[Date "2001.06.22"]
[Round "?"]
[White "Giurgiu, Nicolas T"]
[Black "Femmel, Don"]
[Result "1/2-1/2"]
[WhiteElo "2097"]
[BlackElo "2139"]
[PlyCount "70"]
[EventDate "2001.??.??"]
[EventType "tourn (corr)"]
[EventRounds "4"]
[SourceTitle "Corr 2008"]
[Source "ChessBase"]
[SourceDate "2008.06.24"]
[SourceVersion "1"]
[SourceVersionDate "2008.06.24"]
[SourceQuality "1"]

1. e4 c5 2. Nf3 d6 3. d4 cxd4 4. Nxd4 Nf6 5. Nc3 a6 6. Be3 e6 7. f4 b5 8. Qf3 Bb7 9. Bd3 Nbd7 10. a3 Rc8 11. 0-0 Be7 12. Rae1 0-0 13. Qh3 Nc5 14. Bf2 Qd7 15. g4 Bd8 16. g5 Nxd3 17. cxd3 Ne8 18. Nd5 a5 19. Ne3 Nc7 20. Ng4 f5 21. exf5 exf5 22. Ne3 g6 23. Re2 a4 24. Rfe1 Qf7 25. Bg3 Nd5 26. Nxb5 Nxe3 27. Nxd6 Qd5 28. Nxb7 Qxb7 29. Rxe3 Bb6 30. Bf2 Bxe3 31. Qxe3 Rfd8 32. d4 Rc2 33. Qe6+ Qf7 34. Qe5 Qb7 35. Qe6+ Qf7 1/2-1/2

[Event "IECC KO email"]
[Site "IECC email"]
[Date "2001.06.20"]
[Round "?"]
[White "Femmel, Don"]
[Black "Hakuc, Waclaw"]
[Result "1-0"]
[WhiteElo "2137"]
[BlackElo "1630"]
[PlyCount "97"]
[EventDate "2001.??.??"]
[EventType "tourn (corr)"]
[EventRounds "6"]
[SourceTitle "Corr 2008"]
[Source "ChessBase"]
[SourceDate "2008.06.24"]
[SourceVersion "1"]
[SourceVersionDate "2008.06.24"]
[SourceQuality "1"]

1. e4 e5 2. Nf3 Nc6 3. Bb5 a6 4. Ba4 b5 5. Bb3 Nf6 6. 0-0 Bc5 7. a4 b4 8. Bd5 0-0 9. Bxc6 dxc6 10. d3 Qd6 11. Nbd2 Be6 12. b3 Bd4 13. Nc4 Bxc4 14. Nxd4 exd4 15. bxc4 Rfe8 16. f4 Qe7 17. f5 Rad8 18. Bf4 c5 19. e5 Nd7 20. Re1 Qh4 21. Re4 Kh8 22. Qf3 Qe7 23. Qh5 g6 24. fxg6 fxg6 25. Qh6 Qf8 26. Qh3 Qf5 27. e6 Qxh3 28. gxh3 Nf6 29. e7 Rd6 30. Bxd6 Nxe4 31. Be5+ Kg8 32. dxe4 Rxe7 33. Bg3 Rxe4 34. Rf1 Re2 35. Rf2 Re7 36. Kf1 Kg7 37. h4 Rd7 38. Ke2 Re7+ 39. Kd2 h5 40. a5 Re3 41. Bxc7 Re6 42. Re2 Kf6 43. Bb6 Rc6 44. Kd3 Rc8 45. Rg2 Kf7 46. Ke4 Rc6 47. Kd5 Rf6 48. Bxc5 d3 49. Bxb4 1-0

[Event "IECC Swiss email"]
[Site "IECC email"]
[Date "2001.06.15"]
[Round "?"]
[White "Femmel, Don"]
[Black "Pierce, Wayne"]
[Result "1-0"]
[WhiteElo "2128"]
[BlackElo "1427"]
[PlyCount "107"]
[EventDate "2001.??.??"]
[EventType "tourn (corr)"]
[EventRounds "6"]
[SourceTitle "Corr 2008"]
[Source "ChessBase"]
[SourceDate "2008.06.24"]
[SourceVersion "1"]
[SourceVersionDate "2008.06.24"]
[SourceQuality "1"]

1. e4 c5 2. Nf3 d6 3. d4 cxd4 4. Nxd4 Nf6 5. Nc3 a6 6. Be3 Ng4 7. Bg5 h6 8. Bh4 g5 9. Bg3 Bg7 10. Be2 h5 11. Bxg4 Bxg4 12. f3 Bd7 13. Bf2 Nc6 14. Qd2 Ne5 15. Nd5 e6 16. Ne3 Rc8 17. Rd1 Nc4 18. Nxc4 Rxc4 19. b3 Rc8 20. c4 b5 21. cxb5 Bxb5 22. Nxb5 axb5 23. 0-0 Rc6 24. Qb4 Qb8 25. a4 0-0 26. Qxb5 Qxb5 27. axb5 Rc3 28. Rxd6 Rxb3 29. b6 Rb8 30. Rfd1 Bf6 31. h3 Kf8 32. R6d3 Rb2 33. R3d2 Rb3 34. Kf1 Ke8 35. Rc2 Rd8 36. Ke2 Rxd1 37. Kxd1 Be5 38. Rd2 Rb1+ 39. Kc2 Rb2+ 40. Kd3 Rxd2+ 41. Kxd2 f6 42. b7 Bb8 43. g4 hxg4 44. fxg4 Kd7 45. h4 gxh4 46. Bxh4 Ke7 47. Kd3 Kf7 48. Kc4 Kg6 49. Kc5 f5 50. gxf5+ exf5 51. exf5+ Kxf5 52. Kc6 Ke4 53. Bd8 Ba7 54. Bc7 1-0

[Event "IECC CL1-2001.08"]
[Site "IECC email"]
[Date "2001.04.20"]
[Round "?"]
[White "Femmel, Don"]
[Black "Necula, Iulian"]
[Result "1-0"]
[WhiteElo "2100"]
[BlackElo "2171"]
[PlyCount "65"]
[EventDate "2001.??.??"]
[EventType "tourn (corr)"]
[EventRounds "4"]
[SourceTitle "Corr 2008"]
[Source "ChessBase"]
[SourceDate "2008.06.24"]
[SourceVersion "1"]
[SourceVersionDate "2008.06.24"]
[SourceQuality "1"]

1. e4 c5 2. Nf3 Nc6 3. d4 cxd4 4. Nxd4 Nf6 5. Nc3 e5 6. Ndb5 d6 7. Bg5 a6 8. Na3 Be6 9. Nc4 Rc8 10. Bxf6 Qxf6 11. Nb6 Rb8 12. Nbd5 Qd8 13. Bc4 Nd4 14. 0-0 Be7 15. f4 Rc8 16. Bd3 Bxd5 17. Nxd5 Ne6 18. fxe5 dxe5 19. Qh5 Ng5 20. Rad1 0-0 21. c3 b5 22. Bc2 Bd6 23. Kh1 f6 24. Rd2 Rc6 25. Nb4 Rb6 26. Rfd1 Nf7 27. Nd5 Rb7 28. Bb3 g6 29. Qe2 Kg7 30. Ne3 Rb6 31. a4 bxa4 32. Bxf7 Rxf7 33. Nc4 1-0

[Event "IECC CL1-2001.08"]
[Site "IECC email"]
[Date "2001.04.20"]
[Round "?"]
[White "Shields, Glen D"]
[Black "Femmel, Don"]
[Result "1-0"]
[WhiteElo "2210"]
[BlackElo "2102"]
[PlyCount "71"]
[EventDate "2001.??.??"]
[EventType "tourn (corr)"]
[EventRounds "4"]
[SourceTitle "Corr 2008"]
[Source "ChessBase"]
[SourceDate "2008.06.24"]
[SourceVersion "1"]
[SourceVersionDate "2008.06.24"]
[SourceQuality "1"]

1. d4 d5 2. c4 c6 3. Nf3 Nf6 4. Nc3 e6 5. e3 Nbd7 6. Bd3 dxc4 7. Bxc4 b5 8. Bd3 a6 9. e4 c5 10. e5 cxd4 11. Nxb5 axb5 12. exf6 Bb7 13. 0-0 Qxf6 14. Bxb5 Bc5 15. Bd2 Bxf3 16. Qxf3 Qxf3 17. gxf3 Ke7 18. a4 Bd6 19. b4 Ne5 20. Kg2 Rhc8 21. Rfd1 Ng6 22. Kf1 Bxh2 23. a5 e5 24. Bd3 Bf4 25. Be4 Ra7 26. Bxg6 fxg6 27. Bxf4 exf4 28. Rxd4 g5 29. b5 Rb8 30. Rd5 Kf6 31. Ke2 Re7+ 32. Kd3 Re5 33. Rxe5 Kxe5 34. Kc4 Kd6 35. Rd1+ Kc7 36. Kc5 1-0

[Event "IECC CL2-2001.13"]
[Site "IECC email"]
[Date "2001.04.07"]
[Round "?"]
[White "Vaassen, Jack M"]
[Black "Femmel, Don"]
[Result "1/2-1/2"]
[WhiteElo "2124"]
[BlackElo "2106"]
[PlyCount "85"]
[EventDate "2001.??.??"]
[EventType "tourn (corr)"]
[EventRounds "4"]
[SourceTitle "Corr 2008"]
[Source "ChessBase"]
[SourceDate "2008.06.24"]
[SourceVersion "1"]
[SourceVersionDate "2008.06.24"]
[SourceQuality "1"]

1. d4 Nf6 2. c4 g6 3. Nc3 Bg7 4. e4 d6 5. Nf3 0-0 6. Be2 e5 7. 0-0 Nc6 8. d5 Ne7 9. b4 Nh5 10. Re1 f5 11. Ng5 Nf4 12. Bxf4 exf4 13. Rc1 Bf6 14. Ne6 Bxe6 15. dxe6 Bxc3 16. Rxc3 fxe4 17. Bg4 e3 18. fxe3 fxe3 19. Rcxe3 c6 20. Qd4 d5 21. cxd5 Qxd5 22. Qxd5 cxd5 23. Bf3 a5 24. bxa5 Rxa5 25. Rc3 Rxa2 26. Rc7 Re8 27. Rxb7 Rd2 28. Bd1 Rd4 29. Bb3 Kg7 30. Rf1 Kh6 31. Rf7 Nf5 32. Rxh7+ Kg5 33. Rhd7 Rxe6 34. Rxd5 Re2 35. Rxd4 Nxd4 36. Bf7 Re1+ 37. Kf2 Re2+ 38. Kf1 Kf6 39. Bc4 Rd2 40. Rd7 Rd1+ 41. Kf2 Rd2+ 42. Ke3 Rxg2 43. Rxd4 1/2-1/2

[Event "IECC TH-T email"]
[Site "IECC email"]
[Date "2001.03.03"]
[Round "?"]
[White "Femmel, Don"]
[Black "Perez, Giorgio"]
[Result "1-0"]
[WhiteElo "2096"]
[BlackElo "2030"]
[PlyCount "51"]
[EventDate "2001.??.??"]
[EventType "match (corr)"]
[EventRounds "2"]
[SourceTitle "Corr 2008"]
[Source "ChessBase"]
[SourceDate "2008.06.24"]
[SourceVersion "1"]
[SourceVersionDate "2008.06.24"]
[SourceQuality "1"]

1. e4 c5 2. Nf3 d6 3. d4 cxd4 4. Nxd4 Nf6 5. Nc3 a6 6. Be3 e6 7. f3 b5 8. g4 h6 9. Qd2 Bb7 10. 0-0-0 Nbd7 11. a3 d5 12. exd5 Nxd5 13. Nxd5 Bxd5 14. Be2 Rb8 15. Bf4 Rc8 16. Rhe1 Nc5 17. b4 Nd7 18. h4 g6 19. Bd3 Qf6 20. Be4 Bxe4 21. Rxe4 Rh7 22. g5 hxg5 23. Bxg5 Qh8 24. Kb1 Qg8 25. Re3 a5 26. Rc3 1-0

[Event "IECC CL2-2001.06"]
[Site "IECC email"]
[Date "2001.02.23"]
[Round "?"]
[White "Brousek, Jiri"]
[Black "Femmel, Don"]
[Result "1-0"]
[WhiteElo "2118"]
[BlackElo "2098"]
[PlyCount "111"]
[EventDate "2001.??.??"]
[EventType "tourn (corr)"]
[EventRounds "4"]
[SourceTitle "Corr 2008"]
[Source "ChessBase"]
[SourceDate "2008.06.24"]
[SourceVersion "1"]
[SourceVersionDate "2008.06.24"]
[SourceQuality "1"]

1. d4 Nf6 2. Nf3 e6 3. Bg5 c5 4. c3 d5 5. e3 Nbd7 6. Bd3 Be7 7. Nbd2 0-0 8. Ne5 h6 9. Bh4 Nxe5 10. dxe5 Nd7 11. Bxe7 Qxe7 12. f4 f6 13. exf6 Nxf6 14. Nf3 Ng4 15. Qd2 e5 16. h3 exf4 17. hxg4 fxe3 18. Qc2 Bxg4 19. Be2 Rae8 20. Qb3 Be6 21. 0-0-0 d4 22. Qa3 a6 23. cxd4 cxd4 24. Qxe7 Rxe7 25. b3 Rc8+ 26. Kb2 Bf5 27. Nxd4 Bg6 28. Bc4+ Kh7 29. a4 Be4 30. Rhe1 Bxg2 31. Bd3+ g6 32. Nf5 Rf7 33. Nh4 Rf2+ 34. Ka3 Rd2 35. Bxg6+ Kg7 36. Nxg2 Kxg6 37. Nxe3 Rxd1 38. Rxd1 h5 39. Rg1+ Kf7 40. Nf5 Kf6 41. Nh4 Rh8 42. Rg6+ Ke5 43. Rg7 Kf6 44. Rxb7 Kg5 45. Rb4 Rf8 46. Rc4 Rf4 47. Rxf4 Kxf4 48. Kb4 Kg4 49. Kc5 Kxh4 50. b4 Kg3 51. b5 axb5 52. a5 b4 53. Kxb4 h4 54. a6 h3 55. a7 h2 56. a8Q 1-0

[Event "IECC Swiss email"]
[Site "IECC email"]
[Date "2001.02.10"]
[Round "?"]
[White "Femmel, Don"]
[Black "Necula, Iulian"]
[Result "1/2-1/2"]
[WhiteElo "2107"]
[BlackElo "2186"]
[PlyCount "86"]
[EventDate "2001.??.??"]
[EventType "tourn (corr)"]
[EventRounds "6"]
[SourceTitle "Corr 2008"]
[Source "ChessBase"]
[SourceDate "2008.06.24"]
[SourceVersion "1"]
[SourceVersionDate "2008.06.24"]
[SourceQuality "1"]

1. e4 c5 2. Nf3 Nc6 3. Bb5 g6 4. 0-0 Bg7 5. Re1 Nf6 6. Nc3 0-0 7. e5 Ne8 8. Bxc6 dxc6 9. b3 Nc7 10. Bb2 Ne6 11. Ne4 b6 12. d3 Nd4 13. Ned2 Ne6 14. a4 a5 15. Qe2 Ba6 16. Rad1 Qd7 17. Qe4 Rad8 18. Qh4 Rfe8 19. Ne4 h6 20. Bc1 g5 21. Qh5 Bc8 22. h4 Nf4 23. Bxf4 gxf4 24. Ned2 Qf5 25. Qxf5 Bxf5 26. Nc4 Rb8 27. Re2 Red8 28. Red2 Be6 29. d4 Bxc4 30. bxc4 b5 31. axb5 cxb5 32. dxc5 Rxd2 33. Nxd2 a4 34. Nf3 b4 35. c6 Rc8 36. Ra1 Rxc6 37. Rxa4 Rxc4 38. c3 Rxc3 39. Rxb4 Rc1+ 40. Kh2 Rc2 41. Rb8+ Kh7 42. Rb7 Bf8 43. Rb4 Rxf2 1/2-1/2

[Event "IECC CL2-2000.37"]
[Site "IECC email"]
[Date "2000.10.23"]
[Round "?"]
[White "Femmel, Don"]
[Black "Cade, Stephen"]
[Result "1/2-1/2"]
[WhiteElo "2130"]
[BlackElo "2104"]
[PlyCount "112"]
[EventDate "2000.??.??"]
[EventType "tourn (corr)"]
[EventRounds "4"]
[SourceTitle "Corr 2008"]
[Source "ChessBase"]
[SourceDate "2008.06.24"]
[SourceVersion "1"]
[SourceVersionDate "2008.06.24"]
[SourceQuality "1"]

1. e4 c5 2. Nf3 d6 3. d4 cxd4 4. Nxd4 Nf6 5. Nc3 g6 6. Be3 Nc6 7. Be2 Bg7 8. 0-0 0-0 9. Nb3 Be6 10. f4 Rc8 11. Nd4 Nxd4 12. Bxd4 a6 13. a3 b5 14. Qe1 Bc4 15. Rd1 Bxe2 16. Qxe2 Nd7 17. Bxg7 Kxg7 18. f5 Qb6+ 19. Rf2 e6 20. Qd2 Rc6 21. Kh1 Nf6 22. Rdf1 Qc5 23. e5 Ng4 24. f6+ Kh8 25. Re2 Rg8 26. Rd1 Nxe5 27. Ne4 Nc4 28. Nxc5 Nxd2 29. Rexd2 Rxc5 30. b4 Rf5 31. Rxd6 Rxf6 32. Rxa6 Rc8 33. Ra5 Rxc2 34. Rxb5 Rff2 35. Rg1 Ra2 36. Ra5 Kg7 37. a4 Rf4 38. b5 Rfxa4 39. Rxa4 Rxa4 40. Rb1 Ra7 41. g4 f5 42. b6 Rb7 43. h3 Kf6 44. Kg2 Ke5 45. Kf3 Kd6 46. Kf4 Kc5 47. Ke5 Rxb6 48. Rc1+ Kb5 49. Rc7 h5 50. Rg7 Rc6 51. Rxg6 Rc5+ 52. Kd6 hxg4 53. hxg4 f4 54. Rf6 e5 55. g5 e4 56. Rxf4 Rxg5 1/2-1/2

[Event "IECC Swiss email"]
[Site "IECC email"]
[Date "2000.09.13"]
[Round "?"]
[White "Femmel, Don"]
[Black "Schiller, Wilfried"]
[Result "1/2-1/2"]
[WhiteElo "2147"]
[BlackElo "2260"]
[PlyCount "78"]
[EventDate "2000.??.??"]
[EventType "tourn (corr)"]
[EventRounds "6"]
[SourceTitle "Corr 2008"]
[Source "ChessBase"]
[SourceDate "2008.06.24"]
[SourceVersion "1"]
[SourceVersionDate "2008.06.24"]
[SourceQuality "1"]

1. e4 c5 2. Nf3 d6 3. d4 cxd4 4. Nxd4 Nf6 5. Nc3 a6 6. Be2 e5 7. Nb3 Be7 8. 0-0 0-0 9. Be3 Nbd7 10. Qd3 b5 11. Rad1 Bb7 12. a3 Nc5 13. Nxc5 dxc5 14. Nd5 c4 15. Nxf6+ Bxf6 16. Qc3 Qc7 17. f3 Be7 18. b3 a5 19. bxc4 b4 20. axb4 Bxb4 21. Qb3 Bc5 22. Bxc5 Qxc5+ 23. Kh1 Bc6 24. Rd3 Rfd8 25. Rxd8+ Rxd8 26. Rd1 Rxd1+ 27. Bxd1 f6 28. c3 a4 29. Qb2 a3 30. Qb8+ Kf7 31. Bb3 Kg6 32. h4 Qf2 33. Qd6 Qxh4+ 34. Kg1 Qe1+ 35. Kh2 Qxc3 36. Qxa3 h5 37. Qa2 Kh6 38. Qc2 Qxc2 39. Bxc2 g6 1/2-1/2